Province Italiane Senza Mappa - Statistics

Statistiche generali
  • Questo quiz è stato fatto 85 volte
  • Il punteggio medio è 83 su 110
Statistiche sulle risposte
Regione Provincia % Corretto
Abruzzo L'Aquila
96%
Campania Napoli
94%
Basilicata Potenza
94%
Lazio Roma
94%
Emilia-Romagna Bologna
92%
Basilicata Matera
92%
Liguria Genova
90%
Lombardia Milano
90%
Calabria Reggio Calabria
90%
Friuli Venezia Giulia Trieste
90%
Marche Ancona
88%
Calabria Catanzaro
88%
Emilia-Romagna Rimini
88%
Molise Campobasso
87%
Calabria Crotone
87%
Emilia-Romagna Reggio Emilia
87%
Valle d'Aosta Aosta
85%
Sardegna Cagliari
85%
Liguria La Spezia
85%
Emilia-Romagna Parma
85%
Campania Salerno
85%
Piemonte Torino
85%
Puglia Bari
83%
Lombardia Bergamo
83%
Trentino-Alto Adige Bolzano
83%
Campania Caserta
83%
Lombardia Como
83%
Toscana Firenze
83%
Friuli Venezia Giulia Gorizia
83%
Lazio Latina
83%
Puglia Lecce
83%
Sicilia Palermo
83%
Abruzzo Pescara
83%
Friuli Venezia Giulia Pordenone
83%
Trentino-Alto Adige Trento
83%
Friuli Venezia Giulia Udine
83%
Veneto Venezia
83%
Puglia Barletta-Andria-Trani
81%
Lombardia Brescia
81%
Calabria Cosenza
81%
Emilia-Romagna Forlì-Cesena
81%
Lazio Frosinone
81%
Liguria Imperia
81%
Lombardia Lecco
81%
Emilia-Romagna Modena
81%
Umbria Perugia
81%
Calabria Vibo Valentia
81%
Campania Avellino
79%
Abruzzo Chieti
79%
Lombardia Cremona
79%
Lombardia Lodi
79%
Piemonte Alessandria
77%
Lombardia Monza e Brianza
77%
Emilia-Romagna Piacenza
77%
Toscana Pisa
77%
Lazio Rieti
77%
Liguria Savona
77%
Veneto Verona
77%
Piemonte Asti
75%
Campania Benevento
75%
Puglia Brindisi
75%
Sicilia Catania
75%
Emilia-Romagna Ferrara
75%
Toscana Lucca
75%
Lombardia Mantova
75%
Marche Pesaro e Urbino
75%
Lazio Viterbo
75%
Puglia Foggia
73%
Toscana Livorno
73%
Piemonte Novara
73%
Lombardia Pavia
73%
Emilia-Romagna Ravenna
73%
Umbria Terni
73%
Piemonte Vercelli
73%
Sicilia Caltanissetta
71%
Molise Isernia
71%
Sardegna Nuoro
71%
Veneto Padova
71%
Sardegna Sassari
71%
Puglia Taranto
71%
Abruzzo Teramo
71%
Lombardia Varese
71%
Toscana Arezzo
69%
Piemonte Cuneo
69%
Sicilia Enna
69%
Sicilia Messina
69%
Toscana Prato
69%
Sicilia Siracusa
69%
Veneto Treviso
69%
Veneto Vicenza
69%
Marche Ascoli Piceno
67%
Veneto Belluno
67%
Marche Fermo
67%
Sardegna Oristano
67%
Toscana Siena
67%
Lombardia Sondrio
67%
Marche Macerata
65%
Veneto Rovigo
65%
Sicilia Trapani
65%
Piemonte Biella
63%
Toscana Grosseto
63%
Sicilia Ragusa
63%
Sicilia Agrigento
62%
Toscana Pistoia
60%
Piemonte Verbano-Cusio-Ossola
60%
Toscana Massa-Carrara
58%
Sardegna Medio Campidano
29%
Sardegna Ogliastra
29%
Sardegna Sulcis Iglesiente
17%
Sardegna Gallura Nord-Est Sardegna
8%
Nessun quiz corrispondente trovato
Distribuzione punteggi
Percentuale di utenti per punteggio
Percentile per numero di risposta
I tuoi punteggi nel tempo
Non hai fatto questo quiz